KOHA-Header-6

Methods in behavioral research / (Record no. 13280)

000 -LEADER
fixed length control field 00587cam a2200169 i 4500
020 ## - INTERNATIONAL STANDARD BOOK NUMBER
ISBN 9781259676987 (alk. paper)
082 00 - DEWEY DECIMAL CLASSIFICATION NUMBER
Classification number 150.72/1
Item number 10367
100 1# - MAIN ENTRY--AUTHOR NAME
Personal name Cozby, Paul C.,
245 10 - TITLE STATEMENT
Title Methods in behavioral research /
Statement of responsibility, etc Paul C. Cozby, California State University, Fullerton, Scott C. Bates, Utah State University.
250 ## - EDITION STATEMENT
Edition statement Thirteenth Edition.
300 ## - PHYSICAL DESCRIPTION
Number of Pages xix, 428 pages ;
Other physical details illustrations ;
500 ## - GENERAL NOTE
General note Revised edition of the authors' Methods in behavioral research, [2015]
650 #0 - SUBJECT ADDED ENTRY--TOPICAL TERM
Topical Term Psychology
650 #0 - SUBJECT ADDED ENTRY--TOPICAL TERM
Topical Term Social sciences
700 1# - ADDED ENTRY--PERSONAL NAME
Personal name Bates, Scott,
942 ## - ADDED ENTRY ELEMENTS (KOHA)
Koha item type Books
Holdings
Withdrawn status Lost status Permanent Location Current Location Shelving location Date acquired Full call number Accession Number Koha item type
    MAJU MAJU Shelf No.B35 2022-05-07 150.72/1 10367 10367 Books

Powered by Koha